00476 a2200133 450000500170000002000180001710000180003524500510005326000230010430000440012794200130017199900150018495201430019920250731084917.0 a9781574440744 aCOPACINO, W.C aSupply Chain Management: The Basics and Beyond aRatonbAPICSc1997 axviii, 204p.: ill; figuresbIndexc24cm 2ddccBKS c6760d6760 r2025-07-31 08:53:02l0o658.72 COPpMBY000975v999999.99w2025-07-31yBKS102ddc407000a002b002cGENd2025-07-31ePURCHASEg395000.00